| 000 | 01359cam a22004214i 4500 | ||
|---|---|---|---|
| 003 | PE-LiUPU | ||
| 005 | 20250731165537.0 | ||
| 008 | 150625s r 000 0 d | ||
| 035 | _a(Sirsi) a32409 | ||
| 040 |
_aPE-LiUPU _bspa _cPE-LiUPU _erda |
||
| 082 | 0 | 4 |
_a759 _bA861h _223 |
| 110 | 2 | _aAsuri De Ediciones, S. A. | |
| 245 | 1 | 0 |
_aHistoria de la pintura : _nTomo 1 / _cAsuri De Ediciones, S. A. |
| 264 | 1 |
_aBilbao : _bDesclee de Brouwer, _c1979. |
|
| 300 |
_a209 páginas : _bilustrado, fotos de pinturas ; _c32 centímetros. |
||
| 336 |
_atext _2rdacontent |
||
| 337 |
_aunmediated _2rdamedia |
||
| 338 |
_avolume _2rdacarrier |
||
| 505 | _aLas fuentes de la pintura -- La pintura mural del México precolombino -- La pintura china -- La pintura japonesa -- La pintura islámica -- La pintura india -- La pintura egipcia -- La pintura griega -- La pintura etrusca -- La pintura romana -- La pintura paleocristiana. | ||
| 526 | _aSEG44 | ||
| 526 | _aSEG26 | ||
| 526 | _aP151 | ||
| 526 | _aP150 | ||
| 526 | _aP149 | ||
| 526 | _aP146 | ||
| 526 | _aP145 | ||
| 526 | _aP126 | ||
| 526 | _aP125 | ||
| 526 | _aP92 | ||
| 526 | _aP75 | ||
| 526 | _aP74 | ||
| 526 | _aP27 | ||
| 526 | _aP15 | ||
| 650 | 1 | 4 |
_aPintura _xHistoria. _94354 |
| 942 |
_2ddc _cBK |
||
| 999 |
_c40058 _d40058 |
||
| 980 |
_81 _gALBERTO SANCHEZ Responsable de Automatización |
||